000 01601nam a2200457 i 4500
001 27548
003 KOSZ 005
005 20191023104054.0
008 191023s1976 pl a f 000 0 pol
015 _aPB 1976/9781
035 _a991023673599705066
035 _a(PL-WaBN)b16485038-48omnis_nlop
035 _ab16485038
035 _a(OCoLC)749272115
035 _a(PL)b0000001648503
035 _a(EXLNZ-48OMNIS_NETWORK)9910242290505606
040 _aWA N
_cWA N
_dKOSZ 005/RW
046 _k1976
080 _a69
080 _a624
100 1 _aStarosolski, Włodzimierz
_d(1933- )
_eAutor
245 1 0 _aElementy budownictwa uprzemysłowionego /
_cWłodzimierz Starosolski.
260 _aWarszawa :
_bPaństwowe Wydawnictwo Naukowe,
_c1976.
300 _a411, [1] stron, [3] karty tablic :
_bilustracje, tablice, wykresy ;
_c24 cm.
336 _aTekst
_btxt
_2rdacontent
337 _aBez urządzenia pośredniczącego
_bn
_2rdamedia
338 _aWolumin
_bnc
_2rdacarrier
380 _aKsiążki
380 _aPublikacje dydaktyczne
388 _a1901-2000
504 _aBibliografia na stronach 409-[412].
521 _aSkrypt dla studentów wyższych szkół technicznych.
650 7 _aKonstrukcje budowlane
_2DBN
650 7 _aPrefabrykaty
_2DBN
655 7 _aPodręcznik
_2DBN
658 _aArchitektura i budownictwo
710 2 _aPaństwowe Wydawnictwo Naukowe
_4pbl
856 _uhttp://koha.tu.koszalin.pl/cgi-bin/koha/opac-MARCdetail.pl?biblionumber=27548
_yKatalog online BPK
942 _2UKD
_cKS
999 _c27548
_d27548